000
00459nam a2200181Ia 4500
008
090124s9999 xx 000 0 und d
082
_b
115545
100
_a
कऱ्हाडे सदा.
245
_a
पानगळ
250
_a
1
260
_c
1974
300
_a
130
600
_a
कऱ्हाडे सदा.
630
_a
पानगळ
700
_a
कऱ्हाडे सदा.
730
_a
पानगळ
942
_c
BOOK
999
_c
161636
_d
161636